| 000 | 01196nam a22003017a 4500 | ||
|---|---|---|---|
| 001 | BR2014003040 | ||
| 003 | BR-BrBNA | ||
| 005 | 20230928104435.0 | ||
| 007 | ta | ||
| 008 | 230509b bl.||||| |||| 00| 0 por d | ||
| 040 |
_aBR-BrBNA _bpor _cBiblioteca Nacional de Agricultura |
||
| 041 | _a(Spa, Por) | ||
| 072 |
_aM40 _b8000 |
||
| 090 | _ 8000 BR2014003040 | ||
| 110 | 1 | _aUniversidade Federal de Santa Catarina, Florianopólis, SC (Brasil). | |
| 110 | 1 | _aAssociação Brasileira de Patologistas de Organismos Aquáticos, Florianopólis, SC (Brasil) | |
| 111 | 1 |
_a2. Encontro Latino-Americano de Patologistas de Organismos Aquáticos6. Encontro Brasileiro de Patologistas de Organismos Aquáticos; Resumos _cFlorianopólis, SC (Brazil) _d03-06 Oct 2000 |
|
| 245 | 1 | _a2. Encontro latino-americano de patologistas de organismos aquáticos6. Encontro brasileiros de patologistas de organismos aquáticosResumos | |
| 260 | 3 |
_aFlorianopólis, SC (Brasil): _c2000. |
|
| 300 | _a263 p. | ||
| 500 | _aSummary only | ||
| 650 | _aANIMAL AQUÁTICO | ||
| 650 | _aAQUICULTURA | ||
| 650 | _aIMUNOLOGIA | ||
| 650 | _aBIOLOGIA AQUÁTICA | ||
| 909 |
_a202309 _bLucia _c55 _dLucia Elande |
||
| 942 | _cBK | ||
| 999 |
_c79923 _d79923 |
||